header

Biocatalysis for the pharmaceutical industry (Record no. 54155)

MARC details
000 -LEADER
fixed length control field 01258nam a2200313Ia 4500
100 1# - MAIN ENTRY--AUTHOR NAME
Personal name Tao, Junhua.
245 10 - TITLE STATEMENT
Title Biocatalysis for the pharmaceutical industry
260 ## - PUBLICATION, DISTRIBUTION, ETC. (IMPRINT)
Place of publication Singapore ;
-- Hoboken :
Name of publisher Wiley,
Year of publication c2009.
300 ## - PHYSICAL DESCRIPTION
Number of Pages x, 324 p. :
Other physical details ill.
650 #0 - SUBJECT ADDED ENTRY--TOPICAL TERM
Topical Term Pharmaceutical biotechnology.
Topical Term Enzymes
700 1# - ADDED ENTRY--PERSONAL NAME
Personal name Lin, Guoqiang.
Personal name Liese, A.
856 40 - ELECTRONIC LOCATION AND ACCESS
Uniform Resource Identifier http://site.ebrary.com/lib/rucke/Doc?id=10325816

No items available.

© 2026 Rongo University
Contact us: librarian | system librarian | Rongo university